| 000 | 00375cam a22001217a 4500 | ||
|---|---|---|---|
| 008 | 180718b1983 xxu||||| |||| 00| 0 eng d | ||
| 082 | _aA81x54 In2/81/6/Pt 10 A | ||
| 100 | _aCensus of India 1981 | ||
| 245 | _aHaryana: town directory | ||
| 260 |
_aDelhi _bThe Controller of Publications _c1983 |
||
| 300 | _a139+p. | ||
| 440 | _aCensus of India 1981. Series-6, Haryana. Part X-A | ||
| 999 |
_c482681 _d482681 |
||